Powiaty Polski - nagła śmierć - Statystyki

Ogólne statystyki
  • Ten quiz został rozwiązany 6 863 razy
  • Średni wynik to 8 z 25
Answers on the Grid
Answers color-coded by a green-red scale on the quiz's grid according to % correct below.
pucki
zaleski
bolesławiecki
rogucki
olecki
brzeziński
wilkowski
słubicki
drzewiecki
kartuski
nowomiejski
jasieński
konecki
czereśniowski
parczewski
żmichowski
ostródzki
sierpiński
lipski
piwoszowski
jędrzejowski
tucznoński
krośnieński
borkowski
kolneński
siemiatycki
borowicki
suski
doliński
konopnicki
łobeski
lubański
widawski
rawicki
stężycki
wyszkowski
radziejowski
korzewski
grabowski
myślenicki
węgrowski
nidzicki
tarnicki
trzebnicki
zebrzydowski
stroszycki
czarnoleski
wolszteński
kosterski
płowicki
 
Statystyki odpowiedzi
Odpowiedź % Poprawnych
pucki
50%
ostródzki
42%
myślenicki
39%
krośnieński
38%
kartuski
37%
bolesławiecki
36%
nidzicki
35%
olecki
34%
słubicki
34%
trzebnicki
34%
jędrzejowski
33%
lipski
33%
rawicki
33%
suski
33%
siemiatycki
31%
lubański
30%
wyszkowski
30%
węgrowski
29%
brzeziński
27%
nowomiejski
27%
parczewski
26%
konecki
25%
łobeski
24%
radziejowski
24%
kolneński
23%
Nie znaleziono quizów pasujących do podanych kryteriów
Rozkład punktacji
Procent ludzi z każdym wynikiem
Percentyl według liczby udzielonych odpowiedzi
Twoja historia wyników
Nie rozwiązałeś tego quizu